000 01214nam0a22003011 4500
001 rc\3227034
005 20250609193015.0
021 _aRU
_b[75-46070]
035 _a(NLR Aleph) 007469663
090 _a7402997
_c7402997
100 _a20130115g19741975|||y0rusy50 ca
101 0 _arus
102 _aRU
105 _aa z |||||
200 1 _aМетодическое пособие по физике
_fМ-во высш. и сред. спец. образования СССР. Моск. автомоб.-дор. ин-т. Кафедра общетеорет. дисциплин
210 _aМосква
_cБ. и.
_d1974 [вып. дан. 1975]
215 _a123 с.
_cил.
_d21
300 _aПеред загл. авт.: Егорова С.П., Вердеревская Н.Н., Подкопаева Ю.Н.
606 _aЭлектричество
_2psbo
606 _aОптика
_2psbo
700 1 _aЕгорова
_bС.П.
_gСветлана Павловна
701 1 _aПодкопаева
_bЮ.Н.
701 1 _aВердеревская
_bН.Н.
_f1921-2004
_gНина Николаевна
801 0 _aRU
_bNLR
_gpsbo
801 1 _aRU
_bELAR
_2rusmarc
852 _aNLR
_j75-5/1968
942 _cBOOK
980 _aNB